Statistics for "The Simpsons" Voice Actors (Multiple Choice)

Click here to take the quiz!

General Stats

  • This quiz has been taken 34 times
  • The average score is 11 of 15

Answer Stats

QuestionAnswer% Correct
Homer SimpsonDan Castellaneta
92%
Apu NahasapeemapetilonHank Azaria
92%
Patty BouvierJulie Kavner
88%
Bart SimpsonNancy Cartwright
88%
Lisa SimpsonYeardley Smith
80%
Marge SimpsonJulie Kavner
76%
Mr. BurnsHarry Shearer
72%
Sideshow BobKelsey Grammer
72%
Groundskeeper WillieDan Castellaneta
68%
Comic Book GuyHank Azaria
68%
Principal SkinnerHarry Shearer
68%
Moe SzyslakHank Azaria
64%
Ralph WiggumNancy Cartwright
64%
Lionel HutzPhil Hartman
64%
Nelson MuntzNancy Cartwright
56%

Score Distribution

Percentile by Number Answered

Percent of People with Each Score

Your Score History

You have not taken this quiz